[Event "Chigorin Memorial 2014"]
[Site "St Petersburg RUS"]
[Date "2014.10.18"]
[Round "1.24"]
[White "Aleksandrov, Aleksej"]
[Black "Rudenko, Eugeny"]
[Result "1-0"]
[WhiteTitle "GM"]
[WhiteElo "2583"]
[BlackElo "2138"]
[WhiteFideId "13500139"]
[BlackFideId "14108356"]
[EventDate "2014.10.18"]

1. d4 Nf6 2. c4 c5 3. d5 d6 4. Nc3 g6 5. e4 Bg7 6. h3 O-O 7. Nf3 e6 8. Bd3 exd5
9. exd5 Re8+ 10. Be3 Rxe3+ 11. fxe3 Qe7 12. O-O Nbd7 13. Qd2 Bh6 14. Rae1 Ne5
15. Nxe5 Qxe5 16. Rf3 Nd7 17. Ref1 f5 18. Qf2 Qe7 19. e4 Bg7 20. Kh1 Ne5 21. Re3
Nxd3 22. Rxd3 Bd7 23. exf5 Bxf5 24. Re3 Be5 25. Rf3 Bd4 26. Qe1 Qg5 27. Qe2 Qh4 1-0

[Event "Chigorin Memorial 2014"]
[Site "St Petersburg RUS"]
[Date "2014.10.18"]
[Round "1.25"]
[White "Manin, Viktor"]
[Black "Burmakin, Vladimir"]
[Result "1-0"]
[BlackTitle "GM"]
[WhiteElo "2137"]
[BlackElo "2583"]
[WhiteFideId "14201291"]
[BlackFideId "4105109"]
[EventDate "2014.10.18"]

1. d4 d5 2. c4 e6 3. Nf3 Nf6 4. Nc3 Be7 5. e3 b6 6. Bd3 O-O 7. O-O Bb7 8. b3
Nbd7 9. Bb2 c5 10. cxd5 exd5 11. Qe2 Rc8 12. Rac1 Qc7 13. Rfd1 Rfd8 14. Bf5 Ra8
15. Ne5 Nf8 16. Qf3 a6 17. Qg3 Bd6 18. f4 c4 19. a4 Ne8 20. bxc4 dxc4 21. Bb1
Bxe5 22. fxe5 b5 23. Ba3 Ng6 24. Ne4 Bxe4 25. Bxe4 Rab8 26. axb5 axb5 27. Bb4
Qd7 28. Ra1 Rdc8 29. Rdc1 Rc7 30. h4 Ne7 31. d5 Rcc8 32. Qf3 Rd8 33. Rd1 Ng6 34.
e6 fxe6 35. h5 Ne7 36. Ra6 Kh8 37. Rxe6 Ng8 38. h6 Nef6 39. hxg7+ Qxg7 40. Bc3
Rf8 41. Rf1 Rbe8 42. Rxe8 Rxe8 43. d6 b4 44. Bxf6 Qxf6 45. Qxf6+ Nxf6 46. Rxf6
Rd8 47. Bd5 c3 48. Bb3 1-0

[Event "Chigorin Memorial 2014"]
[Site "St Petersburg RUS"]
[Date "2014.10.18"]
[Round "1.26"]
[White "Yemelin, Vasily"]
[Black "Khadzhiev, Valery"]
[Result "1/2-1/2"]
[WhiteTitle "GM"]
[WhiteElo "2568"]
[BlackElo "2134"]
[WhiteFideId "4113217"]
[BlackFideId "34154601"]
[EventDate "2014.10.18"]

1. d4 d5 2. Bf4 Nf6 3. e3 e6 4. Nd2 Be7 5. Bd3 O-O 6. g4 g6 7. c3 c5 8. h3 b6 9.
Ngf3 Ba6 10. Bxa6 Nxa6 11. Bh6 Re8 12. Ne5 Nd7 13. Qa4 Nxe5 14. dxe5 Nb8 15. Qf4
Nc6 16. Nf3 f6 17. Rd1 fxe5 18. Nxe5 Nxe5 19. Qxe5 Bf6 20. Qg3 Qe7 21. h4 Rad8
22. h5 g5 23. f4 e5 24. fxg5 Bxg5 25. Bxg5 Qxg5 26. O-O d4 27. Rf5 Qxe3+ 28.
Qxe3 dxe3 29. Rxd8 Rxd8 30. Rxe5 Rd2 31. Rxe3 Rxb2 32. Re7 Rxa2 33. h6 a5 34.
Rg7+ Kh8 35. Rb7 Kg8 36. Rg7+ Kh8 37. Rb7 Kg8 38. Rg7+ Kh8 39. g5 Rb2 40. Rb7
Kg8 41. Rg7+ 1/2-1/2

[Event "Chigorin Memorial 2014"]
[Site "St Petersburg RUS"]
[Date "2014.10.18"]
[Round "1.27"]
[White "Galaktionov, Artem"]
[Black "Kazhgaleyev, Murtas"]
[Result "0-1"]
[BlackTitle "GM"]
[WhiteElo "2131"]
[BlackElo "2566"]
[WhiteFideId "24175471"]
[BlackFideId "13700316"]
[EventDate "2014.10.18"]

1. d4 Nf6 2. Nf3 e6 3. c4 Bb4+ 4. Nbd2 O-O 5. a3 Be7 6. e3 b6 7. Bd3 Bb7 8. O-O
c5 9. b3 cxd4 10. exd4 d5 11. Bb2 Nc6 12. Rc1 dxc4 13. bxc4 Re8 14. Qc2 g6 15.
Rfd1 Rc8 16. Qb1 Bf8 17. Qa1 Nh5 18. Bf1 Ne7 19. g3 Bg7 20. Bg2 Rc7 21. Nh4 Bxg2
22. Nxg2 Bh6 23. Ne3 Nf5 24. Nxf5 exf5 25. Rc2 Re2 26. Qb1 Qe8 27. Nf3 Bf8 28.
Re1 Re4 29. Qd1 Nf6 30. d5 Bg7 31. Rxe4 fxe4 32. Nd4 e3 33. fxe3 Qxe3+ 34. Kg2
Qe4+ 35. Qf3 Qxf3+ 36. Kxf3 Nxd5 37. Nb5 Rc5 38. Bxg7 Kxg7 39. Nxa7 Nc7 40. a4
Ne6 41. Ke3 Re5+ 42. Kf2 Nc5 43. Ra2 Nd3+ 44. Kf1 Rf5+ 45. Kg1 Ne5 46. Nb5 Nxc4
47. Nd4 Rd5 48. Nf3 Rd3 49. Rc2 Na3 50. Rf2 Rd1+ 51. Kg2 Nc4 52. Ra2 Rb1 53. Kh3
Rb2 54. Ra1 h5 55. g4 Rb3 56. Rc1 Rxf3+ 57. Kg2 Rf4 0-1

[Event "Chigorin Memorial 2014"]
[Site "St Petersburg RUS"]
[Date "2014.10.18"]
[Round "1.28"]
[White "Bernadskiy, Vitaliy"]
[Black "Semenenko, Sergey"]
[Result "1-0"]
[WhiteTitle "GM"]
[WhiteElo "2558"]
[BlackElo "2130"]
[WhiteFideId "14100371"]
[BlackFideId "4173767"]
[EventDate "2014.10.18"]

1. d4 Nf6 2. c4 e6 3. Nc3 Bb4 4. Nf3 b6 5. Qb3 Bxc3+ 6. Qxc3 Bb7 7. g3 d6 8. Bg2
Nbd7 9. O-O O-O 10. b3 Qe7 11. Bb2 Rfe8 12. Rad1 Be4 13. Bh3 Bf5 14. Bxf5 exf5
15. d5 a5 16. Nd4 Qe4 17. Nb5 Rac8 18. Rfe1 Qg4 19. f3 Qg5 20. Bc1 Qg6 21. Qc2
Nh5 22. Kf2 Qf6 23. Nd4 g6 24. e3 Qe7 25. Bb2 Ng7 26. Qc3 f6 27. a3 Qf7 28. h3
h5 29. b4 Ra8 30. Nb5 Rec8 31. f4 Qe7 32. Nd4 Re8 33. Re2 Qf7 34. Nb5 Rec8 35.
Rde1 axb4 36. axb4 Kf8 37. e4 fxe4 38. Rxe4 Nf5 39. g4 Ng7 40. g5 Nf5 41. gxf6
Ra2 1-0

[Event "Chigorin Memorial 2014"]
[Site "St Petersburg RUS"]
[Date "2014.10.18"]
[Round "1.29"]
[White "Ivanov, Rostislav"]
[Black "Gabrielian, Artur"]
[Result "0-1"]
[WhiteTitle "FM"]
[BlackTitle "GM"]
[WhiteElo "2129"]
[BlackElo "2557"]
[WhiteFideId "4160495"]
[BlackFideId "4131002"]
[EventDate "2014.10.18"]

1. e4 c5 2. Nf3 e6 3. d4 cxd4 4. Nxd4 Nf6 5. Nc3 d6 6. Bg5 Be7 7. f4 O-O 8. Qf3
e5 9. Nb3 exf4 10. Bxf4 Nc6 11. h3 Ne5 12. Qf2 Nh5 13. Bh2 Bh4 14. g3 Bg5 15.
Qe2 g6 16. Bg2 Be6 17. h4 Bc4 18. Qf2 Bh6 19. Nd2 Rc8 20. Bf3 Be6 21. O-O Bxd2
22. Qxd2 Qb6+ 0-1

[Event "Chigorin Memorial 2014"]
[Site "St Petersburg RUS"]
[Date "2014.10.18"]
[Round "1.31"]
[White "Pimenov, Valeri"]
[Black "Tukhaev, Adam"]
[Result "0-1"]
[BlackTitle "GM"]
[WhiteElo "2118"]
[BlackElo "2551"]
[WhiteFideId "4150716"]
[BlackFideId "14109476"]
[EventDate "2014.10.18"]

1. e4 c5 2. Nf3 e6 3. Nc3 Nc6 4. Bb5 Nd4 5. Bc4 Ne7 6. Nxd4 cxd4 7. Ne2 Nc6 8.
d3 Bc5 9. O-O O-O 10. Nf4 a6 11. a4 b6 12. Bd2 Bb7 13. Nh5 Kh8 14. f4 g6 15. f5
gxh5 16. f6 Rg8 17. Qxh5 Rg6 18. Rf3 Qg8 19. g3 Bd6 20. Bh6 Rxh6 21. Qxh6 Ne5 0-1

[Event "Chigorin Memorial 2014"]
[Site "St Petersburg RUS"]
[Date "2014.10.18"]
[Round "1.32"]
[White "Lalith, Babu M.R."]
[Black "Dobrovlyanskiy, Dmitriy"]
[Result "1-0"]
[WhiteTitle "GM"]
[WhiteElo "2547"]
[BlackElo "2117"]
[WhiteFideId "5024595"]
[BlackFideId "4142365"]
[EventDate "2014.10.18"]

1. Nf3 d5 2. d4 Nc6 3. c4 Bg4 4. Nc3 e6 5. Bf4 Nf6 6. e3 Bd6 7. Bg5 Be7 8. h3
Bh5 9. Be2 O-O 10. Bxf6 Bxf6 11. cxd5 exd5 12. Qb3 Ne7 13. g4 Bg6 14. g5 1-0

[Event "Chigorin Memorial 2014"]
[Site "St Petersburg RUS"]
[Date "2014.10.18"]
[Round "1.33"]
[White "Petukhov, Vasily N."]
[Black "Popov, Valerij"]
[Result "0-1"]
[BlackTitle "GM"]
[WhiteElo "2113"]
[BlackElo "2546"]
[WhiteFideId "4155602"]
[BlackFideId "4119410"]
[EventDate "2014.10.18"]

1. d4 Nf6 2. c4 e6 3. Nf3 d5 4. g3 dxc4 5. Bg2 a6 6. O-O Nc6 7. Nc3 Rb8 8. e4
Be7 9. Qe2 Nxd4 10. Nxd4 Qxd4 11. Rd1 Qc5 12. e5 Nd7 13. Ne4 Qa5 14. Bd2 Qb5 15.
Bc3 Nc5 16. Qg4 g6 17. Nf6+ Bxf6 18. exf6 Bd7 19. Bf1 Nd3 20. b3 Qc5 21. Bd4 Qf5
22. Qxf5 gxf5 23. bxc4 Nb4 24. Bc5 Nc6 25. f4 b6 26. Ba3 Na5 27. Bb4 Ba4 28. Rd2
Nc6 29. Bc3 Rd8 30. Bg2 Rxd2 31. Bxc6+ Bxc6 32. Bxd2 O-O 33. Kf2 Rd8 34. Ke3 Be4
35. Rc1 Rd3+ 36. Ke2 Ra3 37. c5 b5 38. Ra1 a5 39. Be3 Bd5 40. Bd4 Bc4+ 41. Kf2
c6 42. Be5 h6 43. Ke1 Kh7 44. Kd2 Kg6 45. Kc2 Re3 46. a4 bxa4 0-1

[Event "Chigorin Memorial 2014"]
[Site "St Petersburg RUS"]
[Date "2014.10.18"]
[Round "1.34"]
[White "Stupak, Kirill"]
[Black "Dyakonova, Ekaterina"]
[Result "1-0"]
[WhiteTitle "GM"]
[WhiteElo "2545"]
[BlackElo "2112"]
[WhiteFideId "13503758"]
[BlackFideId "24172936"]
[EventDate "2014.10.18"]

1. d4 d5 2. Nf3 Nf6 3. g3 c6 4. Bg2 Bf5 5. O-O e6 6. c4 h6 7. Nc3 Nbd7 8. Qb3
Qb6 9. c5 Qa6 10. Re1 Be7 11. Bf1 b5 12. a4 O-O 13. e3 Qa5 14. Bd2 bxa4 15. Qxa4
Qc7 16. Qa5 Qb8 17. Qa6 Qc7 18. b4 Ne4 19. b5 Bg4 20. Nxe4 dxe4 21. Qxc6 Qxc6
22. bxc6 Nxc5 23. dxc5 exf3 24. h3 Bh5 25. Ba6 Rad8 26. Ba5 Rd5 27. c7 Rxc5 28.
Rec1 1-0

[Event "Chigorin Memorial 2014"]
[Site "St Petersburg RUS"]
[Date "2014.10.18"]
[Round "1.35"]
[White "Latyev, Yury"]
[Black "Zontakh, Andrey"]
[Result "0-1"]
[BlackTitle "GM"]
[WhiteElo "2108"]
[BlackElo "2539"]
[WhiteFideId "4104145"]
[BlackFideId "14101130"]
[EventDate "2014.10.18"]

1. e4 c6 2. c4 d5 3. exd5 cxd5 4. cxd5 Nf6 5. Nc3 Nxd5 6. Nf3 Nc6 7. d4 Bg4 8.
Qb3 Bxf3 9. gxf3 Nb6 10. Be3 e6 11. O-O-O Be7 12. Bd3 O-O 13. Rhg1 Bf6 14. Be4
Nxd4 15. Bxd4 Bxd4 16. Rg4 Qe7 17. Rxd4 f5 18. Bxb7 Rab8 19. Rg1 Rxb7 20. Re1
Re8 21. f4 Rd7 22. Rxd7 Qxd7 23. a4 Qc6 24. Kb1 a6 25. Rc1 Rb8 26. Na2 Qe4+ 27.
Ka1 Rb7 28. Nc3 Qc6 29. Na2 Qd7 30. Rd1 Nd5 31. Qc4 a5 32. Nc3 Rb4 33. Qd3 Rxf4
34. Nxd5 Rxa4+ 35. Kb1 Qxd5 36. Qxd5 exd5 37. Rxd5 g6 38. b3 Rb4 39. Kc2 a4 40.
bxa4 Rxa4 41. Kd2 Rh4 42. Ke3 Kg7 43. Kf3 Rxh2 44. Kg3 Rh1 45. Rd7+ Kh6 46. f4
Rg1+ 47. Kf3 Ra1 48. Kg3 Ra3+ 49. Kh4 Rf3 50. Rd4 Rxf4+ 0-1

[Event "Chigorin Memorial 2014"]
[Site "St Petersburg RUS"]
[Date "2014.10.18"]
[Round "1.36"]
[White "Harika, Dronavalli"]
[Black "Okun, Evgeny"]
[Result "1-0"]
[WhiteTitle "GM"]
[WhiteElo "2528"]
[BlackElo "2108"]
[WhiteFideId "5015197"]
[BlackFideId "24131806"]
[EventDate "2014.10.18"]

1. c4 f5 2. d4 g6 3. h4 Nf6 4. Nc3 d6 5. h5 Nxh5 6. e4 Nf6 7. Bd3 e6 8. Qe2 Be7
9. Bh6 Kf7 10. O-O-O Nc6 11. Nf3 Ng4 12. Bd2 Bf6 13. d5 Nb4 14. Bb1 c6 15. dxe6+
Bxe6 16. a3 a5 17. exf5 Bxf5 18. Bxf5 gxf5 19. Rde1 Kg7 20. axb4 axb4 21. Nb1 c5
22. Qe6 Ra2 23. Qxf5 h5 24. Ng5 Bxb2+ 25. Kd1 Qf6 26. Qd7+ Kg6 27. Re6 Nxf2+ 28.
Ke2 Nxh1 29. Qf7+ Kf5 30. Rxf6+ Bxf6 31. Nh7 Rxh7 32. Qxh7+ Ke6 33. Qe4+ Be5 34.
Qd5+ Kf6 35. Qf3+ 1-0

[Event "Chigorin Memorial 2014"]
[Site "St Petersburg RUS"]
[Date "2014.10.18"]
[Round "1.37"]
[White "Kozhabekov, Adilkhan"]
[Black "Batchuluun, Tsegmed"]
[Result "0-1"]
[BlackTitle "GM"]
[WhiteElo "2107"]
[BlackElo "2523"]
[WhiteFideId "13702858"]
[BlackFideId "4900847"]
[EventDate "2014.10.18"]

1. Nf3 Nf6 2. b3 d5 3. Bb2 e6 4. e3 Be7 5. Be2 O-O 6. O-O c5 7. d4 b6 8. Nbd2
Bb7 9. Ne5 Nbd7 10. f4 Rc8 11. Rc1 Nxe5 12. fxe5 Nd7 13. Bd3 Bg5 14. Qe2 Bh6 15.
Rce1 f6 16. exf6 Nxf6 17. Nf3 Ng4 18. Bc1 Qc7 19. h3 Nf6 20. Ne5 Nd7 21. Qh5
Nxe5 22. dxe5 c4 23. Be2 b5 24. g4 d4 25. g5 Qxe5 26. Qg4 Bxg5 27. exd4 Be3+ 28.
Bxe3 Qxe3+ 29. Kh2 Rf2+ 0-1

[Event "Chigorin Memorial 2014"]
[Site "St Petersburg RUS"]
[Date "2014.10.18"]
[Round "1.38"]
[White "Yakovich, Yuri"]
[Black "Belov, Nikita"]
[Result "1/2-1/2"]
[WhiteTitle "GM"]
[WhiteElo "2523"]
[BlackElo "2106"]
[WhiteFideId "4100654"]
[BlackFideId "24167177"]
[EventDate "2014.10.18"]

1. c4 Nf6 2. Nc3 g6 3. g3 Bg7 4. Bg2 O-O 5. d4 d6 6. Nf3 Nbd7 7. O-O c6 8. e4
Qc7 9. h3 e5 10. Be3 exd4 11. Nxd4 Re8 12. Qc2 Nc5 13. b4 Ne6 14. Nb3 Bd7 15.
Rac1 Rac8 16. f4 d5 17. exd5 cxd5 18. c5 a5 19. a3 a4 20. Nd4 Nxc5 21. Qd2 Na6
22. Nxd5 Qd6 23. Rxc8 Rxc8 24. Nxf6+ Bxf6 25. Bxb7 Re8 26. Nc2 Qxd2 27. Bxd2 Bf5
28. Bxa6 Bxc2 29. Rc1 Bd4+ 30. Kf1 Bf5 31. g4 Be6 32. Bb5 Re7 33. Bc3 Be3 34.
Rd1 f5 35. g5 Bb3 36. Rd8+ Kf7 37. Be5 Bc1 38. Ra8 Bxa3 39. Bxa4 Bc4+ 40. Kf2
Bxb4 41. Rc8 Bd5 1/2-1/2

[Event "Chigorin Memorial 2014"]
[Site "St Petersburg RUS"]
[Date "2014.10.18"]
[Round "1.39"]
[White "Bratus, Petr P"]
[Black "Sivuk, Vitaly"]
[Result "1-0"]
[BlackTitle "IM"]
[WhiteElo "2106"]
[BlackElo "2523"]
[WhiteFideId "4168682"]
[BlackFideId "14116502"]
[EventDate "2014.10.18"]

1. c4 f5 2. g3 Nf6 3. Bg2 g6 4. Nf3 Bg7 5. O-O O-O 6. Nc3 d6 7. d4 c6 8. d5 e5
9. e4 cxd5 10. cxd5 Na6 11. Nd2 Nc5 12. Qc2 a5 13. Rb1 b6 14. Re1 Ba6 15. Bf1
Qc8 16. Bxa6 Rxa6 17. Re2 b5 18. Nxb5 fxe4 19. Nc3 e3 20. Rxe3 Qh3 21. Rf3 Rc8
22. Qd1 Ng4 23. Nf1 h5 24. Qc2 e4 25. Nxe4 Ne5 26. Rc3 Rf8 27. f4 Ned7 28. Ng5
Qf5 29. Ne3 Bd4 30. Qxf5 gxf5 31. Ra3 Nb6 32. Kg2 a4 33. Nf3 Bxe3 34. Bxe3 Nxd5
35. Bxc5 dxc5 36. Rc1 Ra5 37. Ne5 Nf6 38. b3 Rfa8 39. Nc6 R5a6 40. Ne7+ Kf8 41.
Nxf5 axb3 42. Rxa6 Rxa6 43. axb3 Ra2+ 44. Kf3 Rb2 45. Rxc5 Rxb3+ 46. Kg2 Rb2+
47. Kh3 Ng4 48. Kh4 Rxh2+ 49. Kg5 Rh3 50. Kg6 Ke8 51. Ng7+ Kd7 52. Nxh5 Nf2 53.
Rc2 Ng4 54. Kg5 Ne3 55. Re2 Nf1 56. g4 Nh2 57. Nf6+ Kd6 58. Kf5 Nf3 59. Re6+ Kc7
60. Re7+ Kc6 61. g5 Rg3 62. Kg6 Nh4+ 63. Kf7 Rf3 64. Re6+ Kc5 65. Nh5 Kd5 66. g6
Nxg6 67. Rxg6 Ke4 68. Rg5 1-0

[Event "Chigorin Memorial 2014"]
[Site "St Petersburg RUS"]
[Date "2014.10.18"]
[Round "1.40"]
[White "Demidov, Mikhail"]
[Black "Gurvich, Vitaly"]
[Result "1/2-1/2"]
[WhiteTitle "IM"]
[WhiteElo "2516"]
[BlackElo "2106"]
[WhiteFideId "4197143"]
[BlackFideId "24164852"]
[EventDate "2014.10.18"]

1. d4 Nf6 2. g3 g6 3. Bg2 Bg7 4. c4 O-O 5. Nc3 d6 6. e4 c5 7. d5 e6 8. Nge2 exd5
9. exd5 Re8 10. O-O Bf5 11. Bf4 Ng4 12. Qd2 Ne5 13. b3 Nbd7 14. f3 a6 15. Rad1
b5 16. cxb5 axb5 17. Nxb5 Qb6 18. Nbc3 Qb4 19. Kh1 Bd3 20. Ne4 Qb6 21. Rfe1 Bxe4
22. fxe4 Qb4 23. Nc1 Qa3 24. Qc2 c4 25. bxc4 Rec8 26. Bf1 Qa4 27. Qxa4 Rxa4 28.
Nd3 Rxa2 29. Nxe5 Nxe5 30. Ra1 Rca8 31. Rxa2 Rxa2 32. Rb1 h5 33. h3 Rc2 34. Rc1
Rxc1 35. Bxc1 Nd7 36. Kg2 Kf8 37. Ba3 Ke7 38. Kf2 Bd4+ 39. Kg2 Bc5 40. Bb2 Ne5
41. Bc3 Be3 42. Be2 Nd7 43. Kf3 Bc5 44. Kg2 Be3 45. Kf1 Ne5 46. Ke1 Bc5 47. Bd2
Bd4 48. Bf4 Nd7 49. Bg5+ Bf6 50. Be3 Nc5 51. Bf3 Be5 52. g4 hxg4 53. hxg4 f6 54.
Kd1 g5 55. Kc2 Kd7 56. Kb1 Kc7 57. Ka2 Kb6 58. Ka3 Bc3 59. Bd1 Be5 60. Ba4 Ka5
61. Bc2 Kb6 62. Kb4 Bg3 63. Ba4 Be1+ 64. Ka3 Bc3 65. Bd7 Ka5 66. Bf5 Kb6 67. Bg1
Be5 68. Kb4 Bg3 69. Bd4 Be5 70. Bf2 Bf4 71. Kc3 Be5+ 72. Kc2 Bf4 73. Bg6 Be5 74.
Be1 Bf4 75. Bc3 Be5 76. Bb4 Bf4 77. Bf5 1/2-1/2

[Event "Chigorin Memorial 2014"]
[Site "St Petersburg RUS"]
[Date "2014.10.18"]
[Round "1.41"]
[White "Reshetnikov, Ruslan"]
[Black "Pridorozhni, Aleksei"]
[Result "0-1"]
[BlackTitle "GM"]
[WhiteElo "2106"]
[BlackElo "2514"]
[WhiteFideId "34102768"]
[BlackFideId "4127870"]
[EventDate "2014.10.18"]

1. d4 e6 2. c4 b6 3. Nf3 Bb7 4. Bg5 Be7 5. Bxe7 Qxe7 6. Nbd2 Nf6 7. e3 d6 8. Be2
e5 9. O-O O-O 10. Rc1 Nbd7 11. Nb1 Ne4 12. Nc3 Nxc3 13. Rxc3 f5 14. Nd2 c5 15.
Re1 Rae8 16. d5 Bc8 17. a3 e4 18. b4 Qf6 19. Rb3 f4 20. Bg4 fxe3 21. Rbxe3 Qxf2+
22. Kh1 Ne5 23. Bxc8 Rxc8 24. Nxe4 Qf4 25. g3 Qh6 26. bxc5 dxc5 27. Qe2 Qg6 28.
Nd6 Qxd6 29. Rxe5 Rc7 30. Re8 Rf7 31. Qe6 Qxe6 32. R1xe6 Rf1+ 33. Kg2 Rf2+ 34.
Kh3 Rc2 35. d6 Rd2 36. R8e7 Rd8 37. Rxa7 R2xd6 38. Ree7 Rg6 39. Red7 Re8 40. Re7
Rf8 41. a4 h6 42. a5 bxa5 43. Rxa5 Rf5 44. Rc7 Rgg5 45. Kg2 Re5 46. h4 Rg4 47.
Rcxc5 Re3 48. Ra8+ Kh7 49. h5 Rexg3+ 50. Kf2 Rh3 51. Raa5 Rc3 52. Ra4 Rd4 53.
Ke2 Rh4 54. Kd2 Rg3 55. Rd5 Rh2+ 56. Kc1 Rg1+ 57. Rd1 Rg5 58. Rd5 Rhxh5 59. Rxg5
Rxg5 60. Kd2 h5 61. Ke3 Rg4 62. Kf3 Kh6 63. Ra6+ g6 64. c5 Rc4 65. c6 h4 66. Rb6
Kh5 67. Ra6 g5 68. Rb6 g4+ 69. Kf2 Rc2+ 70. Kg1 h3 71. Rb5+ Kh4 0-1

[Event "Chigorin Memorial 2014"]
[Site "St Petersburg RUS"]
[Date "2014.10.18"]
[Round "1.42"]
[White "Oral, Tomas"]
[Black "Grinblat, Artemiy"]
[Result "1/2-1/2"]
[WhiteTitle "GM"]
[WhiteElo "2513"]
[BlackElo "2100"]
[WhiteFideId "303739"]
[BlackFideId "14135272"]
[EventDate "2014.10.18"]

1. e4 e6 2. d4 d5 3. Nd2 Nf6 4. e5 Nfd7 5. Bd3 c5 6. c3 Nc6 7. Ne2 cxd4 8. cxd4
f6 9. exf6 Qxf6 10. Nf3 h6 11. O-O Bd6 12. Bd2 O-O 13. Bc3 Rf7 14. Ng3 Nf8 15.
Ne5 Bxe5 16. dxe5 Qd8 17. f4 b5 18. Qg4 b4 19. Be1 a5 20. Nh5 Ba6 21. Rd1 Ne7
22. Bh4 Bxd3 23. Rxd3 Qb6+ 24. Bf2 Qb5 25. Rh3 Nf5 26. Qd1 Rc8 27. g4 Ne7 28.
Bd4 Qc4 29. Rg3 Qc2 30. Qxc2 Rxc2 31. Rg2 Rc4 32. Bb6 Nc6 33. b3 Rc3 34. Bf2 Nd7
35. Be1 Rc1 36. f5 Ndxe5 37. fxe6 Nf3+ 38. Kh1 Re7 39. Rxf3 Rxe1+ 40. Rg1 R7xe6
41. Nf4 Rxg1+ 42. Kxg1 Re1+ 43. Kf2 Rd1 44. Ng6 Rd2+ 45. Kg3 Rc2 1/2-1/2

[Event "Chigorin Memorial 2014"]
[Site "St Petersburg RUS"]
[Date "2014.10.18"]
[Round "1.43"]
[White "Aseev, Vladimir"]
[Black "Prizant, Jaroslav"]
[Result "1/2-1/2"]
[BlackTitle "IM"]
[WhiteElo "2094"]
[BlackElo "2511"]
[WhiteFideId "24121371"]
[BlackFideId "4140664"]
[EventDate "2014.10.18"]

1. d4 Nf6 2. c4 g6 3. Nc3 Bg7 4. e4 d6 5. Nf3 O-O 6. Be2 Bg4 7. Be3 Nfd7 8. d5
Nc5 9. Nd4 Bxe2 10. Qxe2 e5 11. Nb3 b6 12. O-O a5 13. Nxc5 dxc5 14. Rad1 Nd7 15.
Qd2 Nf6 16. Bg5 Qd7 17. f3 Rab8 18. g4 Ne8 19. Rf2 Nd6 20. b3 f6 21. Be3 f5 22.
gxf5 gxf5 23. Rg2 f4 24. Bf2 Kh8 25. Rg4 Bf6 26. Kh1 Rg8 27. Rdg1 Rxg4 28. Rxg4
a4 29. Bg1 axb3 30. axb3 Nf7 31. Qe2 Nh6 32. Rg2 Nf7 33. Qf1 Ra8 34. Ra2 Rg8 35.
Rg2 Ra8 36. Ra2 Rg8 37. Rg2 Rg6 38. Rxg6 hxg6 39. Qg2 Kh7 40. Qg4 Qxg4 41. fxg4
Bh4 42. Kg2 Be1 43. Nb5 Ng5 44. Kf1 Ba5 45. d6 cxd6 46. Nxd6 Nf3 47. Kg2 Nd2 48.
h4 Nxb3 49. Bf2 Bc3 50. g5 Nd2 51. Kh3 Bd4 52. Kg2 Bc3 53. Kh3 Bd4 54. Kg2 Bc3
55. Kh3 1/2-1/2

[Event "Chigorin Memorial 2014"]
[Site "St Petersburg RUS"]
[Date "2014.10.18"]
[Round "1.44"]
[White "Predke, Alexandr"]
[Black "Shpartko, Grigory"]
[Result "1-0"]
[WhiteElo "2511"]
[BlackElo "2094"]
[WhiteFideId "24107581"]
[BlackFideId "24122254"]
[EventDate "2014.10.18"]

1. e4 Nc6 2. Nf3 d6 3. d4 e5 4. d5 Nce7 5. c4 c5 6. b4 cxb4 7. Qa4+ Bd7 8. Qxb4
a5 9. Qb3 a4 10. Qc2 Nf6 11. Nc3 Ng6 12. Rb1 Qc8 13. Qb2 Rb8 14. Be3 Be7 15. Ba7
a3 16. Qb3 Ra8 17. Be3 Bd8 18. Bd3 Nf4 19. Bxf4 exf4 20. e5 dxe5 21. O-O O-O 22.
Nxe5 Bc7 23. Nf3 Ba5 24. Ne2 Bg4 25. Ned4 Qc5 26. Qxb7 Bc3 27. Rb5 Qd6 28. Nc6
Nd7 29. c5 Nxc5 30. Qe7 Qxd5 31. Bxh7+ Kxh7 32. Rxc5 Qxc5 33. Qxc5 Bf6 34. Ng5+
Kg8 35. Ne7+ Kh8 36. h3 Bd7 37. Nxf7+ Rxf7 38. Qh5# 1-0

[Event "Chigorin Memorial 2014"]
[Site "St Petersburg RUS"]
[Date "2014.10.18"]
[Round "1.45"]
[White "Fraiman, Dmitry"]
[Black "Levin, Evgeny A."]
[Result "0-1"]
[BlackTitle "GM"]
[WhiteElo "2093"]
[BlackElo "2507"]
[WhiteFideId "34100641"]
[BlackFideId "4182596"]
[EventDate "2014.10.18"]

1. e4 c5 2. Nf3 e6 3. d4 cxd4 4. Nxd4 a6 5. Nc3 Qc7 6. g3 Bb4 7. Qd3 Nc6 8. Nxc6
bxc6 9. Qd4 Bf8 10. Bg2 e5 11. Qd1 Nf6 12. O-O Be7 13. Na4 a5 14. c4 Ba6 15. b3
O-O 16. Nc3 Bb4 17. Qd3 h6 18. Rd1 Rad8 19. Bb2 d6 20. Rac1 Rfe8 21. Qf3 Bc8 22.
h3 Bc5 23. Rd2 Nh7 24. Kh2 Ng5 25. Qe2 Ne6 26. Qf1 Bd4 27. Rcd1 Qa7 28. Ne2 Bxb2
29. Rxb2 c5 30. f4 f6 31. h4 Nd4 32. Bh3 Bxh3 33. Kxh3 a4 34. Nxd4 exd4 35. Qd3
axb3 36. Rxb3 Re7 37. Rb2 Rde8 38. Re1 Qd7+ 39. Kh2 Qc6 40. Rbe2 Ra7 41. h5 Rea8
42. e5 dxe5 43. fxe5 fxe5 44. Rxe5 Rxa2+ 45. Kh3 Rf8 46. Qg6 Qg2+ 47. Kg4 Ra3
48. Qe6+ Kh8 49. R1e3 Rxe3 50. Rxe3 dxe3 0-1

[Event "Chigorin Memorial 2014"]
[Site "St Petersburg RUS"]
[Date "2014.10.18"]
[Round "1.46"]
[White "Airapetian, Gor"]
[Black "Sorokopudov, Vladimir M."]
[Result "1-0"]
[WhiteTitle "IM"]
[WhiteElo "2502"]
[BlackElo "2091"]
[WhiteFideId "4177916"]
[BlackFideId "24153052"]
[EventDate "2014.10.18"]

1. d4 d5 2. c4 c6 3. Nc3 Nf6 4. e3 a6 5. Nf3 e6 6. b3 Bb4 7. Bd2 Nbd7 8. Bd3 Qc7
9. O-O O-O 10. Rc1 e5 11. Nxd5 cxd5 12. Bxb4 e4 13. cxd5 Qd8 14. Bxf8 Nxf8 15.
Be2 exf3 16. Bxf3 Nxd5 17. Qd2 Qd6 18. Rfd1 f5 19. Qa5 Be6 20. Qc5 Qd8 21. Qc2
Rc8 22. Qe2 Rxc1 23. Rxc1 Ng6 24. g3 Nge7 25. Bg2 Nc6 26. Rc5 Nce7 27. Qd3 b6
28. Rc1 a5 29. f3 Nb4 30. Qd2 Bd5 31. e4 Bb7 32. d5 Qd6 33. Qf4 Qxf4 34. gxf4
Bxd5 35. exd5 Nexd5 36. Bf1 Nxf4 37. Rc7 Kf8 38. Bc4 Nbd5 39. Rd7 1-0

[Event "Chigorin Memorial 2014"]
[Site "St Petersburg RUS"]
[Date "2014.10.18"]
[Round "1.47"]
[White "Bimiev, Ahmad"]
[Black "Ulko, Jaroslav"]
[Result "0-1"]
[BlackTitle "IM"]
[WhiteElo "2090"]
[BlackElo "2489"]
[WhiteFideId "24102938"]
[BlackFideId "4116658"]
[EventDate "2014.10.18"]

1. c4 c5 2. Nc3 Nc6 3. g3 g6 4. Bg2 Bg7 5. Nf3 e6 6. O-O Nge7 7. e3 d5 8. cxd5
exd5 9. d4 cxd4 10. Nxd4 O-O 11. Nb3 Qb6 12. Nxd5 Nxd5 13. Bxd5 Bh3 14. Re1 Nb4
15. Be4 Rad8 16. Nd4 Rfe8 17. Bg2 Bxg2 18. Kxg2 Bxd4 19. exd4 Rxe1 20. Qxe1 Nc2
21. Qe5 Nxa1 22. Bg5 Qc6+ 0-1